Chapters LVII - LXXI; The Decline and Fall of the Roman Empire

מידע ביבליוגרפי
Parent link:The Decline and Fall of the Roman Empire/ E. Gibbon. Vol. 6.— , 1994
שפה:אנגלית
יצא לאור: 1994
נושאים:
פורמט: ספר
KOHA link:https://koha.lib.tpu.ru/cgi-bin/koha/opac-detail.pl?biblionumber=22179

MARC

LEADER 00000nam0a2200000 4500
001 22179
005 20231030194544.0
010 |a 1857151925 
035 |a (RuTPU)RU\TPU\book\22391 
035 |a BOOK00022461 
090 |a 22179 
100 |a 20011209d1994 m y0engy50 ba 
101 0 |a eng 
102 |a GB 
105 |a y j 000ay 
200 1 |a Chapters LVII - LXXI 
210 |d 1994 
215 |a 684 p. 
461 |t The Decline and Fall of the Roman Empire  |f E. Gibbon  |v Vol. 6  |d 1994  |s Everyman`s library 
610 1 |a английский язык 
610 1 |a учебные пособия 
610 1 |a книги для чтения 
610 1 |a хрестоматии 
686 |a Ш143.21-923.8  |v LBC/SL-A  |2 rubbk 
801 0 |a RU  |b 63413507  |c 20011209  |g PSBO 
801 2 |a RU  |b 63413507  |c 20080903  |g PSBO 
942 |c BK